Welcome to the Holygrace Academy Library

Please use search bar below to get started

AMELIA JANE IS NAUGHTY AGAIN (Record no. 206)

MARC details
000 -LEADER
fixed length control field 00595nam a22001457a 4500
020 ## - INTERNATIONAL STANDARD BOOK NUMBER
ISBN 0-7497-0756-9
082 ## - DEWEY DECIMAL CLASSIFICATION NUMBER
Classification number 823
Item number BLY/A
100 ## - MAIN ENTRY--AUTHOR NAME
Personal name ENID BLYTON
245 ## - TITLE STATEMENT
Title AMELIA JANE IS NAUGHTY AGAIN
260 ## - PUBLICATION, DISTRIBUTION, ETC. (IMPRINT)
Place of publication LONDON
Name of publisher MAMMOTH
Year of publication 1954
300 ## - PHYSICAL DESCRIPTION
Number of Pages 109
520 ## - SUMMARY, ETC.
Summary, etc AMELIA JANE IS A VERY CLEVER AND BAD DOLL. SHE CAUSES CHAOS WITH A BOOMERANG, SCRIBBLES ALL OVER THE NURSERY WALLS, AND PLAYS HORRID TRICKS ON THE POOR TOYS. SOMETIMES THEY GET THEIR OWN BACK, AND AMELIA JANE PROMISES TO BEHAVE, BUT SHE JUST CANT STOP BEING NAUGHTY!
650 ## - SUBJECT ADDED ENTRY--TOPICAL TERM
Topical Term CHILDREN'S STORY BOOK
Geographic subdivision UNITED KINGDOM
942 ## - ADDED ENTRY ELEMENTS (KOHA)
Koha item type Books
Holdings
Withdrawn status Lost status Collection code Home library Current library Shelving location Date acquired Full call number Accession Number Koha item type
    Fiction Main Library Main Library SHELF-12D-ENID BLYTON FAMOUS FIVE 15/05/2004 823 BLY/A 00032 Books